|
|
|
|
| LEADER |
00000nam a22000007a 4500 |
| 008 |
190926b2017 mx ||||| |||| 00| | spa d |
| 999 |
|
|
|c 3782
|d 3782
|
| 020 |
|
|
|a 9788499219981
|
| 090 |
|
|
|a 06.03.06
|b 2562
|
| 100 |
|
|
|9 4607
|a Correa Arias, César
|
| 245 |
1 |
0 |
|a Itinerarios categoriales en el desarrollo de marcos teóricos y epistémicos : Percepciones sobre la investigación en Ciencias Sociales /
|c César Correa Arias
|
| 260 |
|
|
|a Guadalajara, Jalisco :
|b Octaedro; Universidad de Guadalajara,
|c 2017
|
| 300 |
|
|
|a 189 páginas
|
| 650 |
1 |
4 |
|9 8
|a EDUCACIÓN SUPERIOR
|
| 650 |
1 |
4 |
|9 163
|a INVESTIGACIÓN
|
| 650 |
1 |
4 |
|9 276
|a CIENCIAS SOCIALES
|
| 942 |
|
|
|i 004612,004613
|h 06.03.06 2562
|2 z
|c 01
|